Cavity insulation of masonry walls: dampness risks and how to minimise them (Record no. 95076)

MARC details
000 -LEADER
fixed length control field 00696cam a2200205 4500
001 - CONTROL NUMBER
control field D2221
008 - FIXED-LENGTH DATA ELEMENTS--GENERAL INFORMATION
fixed length control field 090401t1983 xxu||||| |||| 00| 0 eng d
035 ## - SYSTEM CONTROL NUMBER
System control number (Sirsi) u68149
041 ## - LANGUAGE CODE
Language code of text/sound track or separate title eng
050 ## - LIBRARY OF CONGRESS CALL NUMBER
Classification number 693.832
110 ## - MAIN ENTRY--CORPORATE NAME
Corporate name or jurisdiction name as entry element British Board of Agrement
9 (RLIN) 1555
245 ## - TITLE STATEMENT
Title Cavity insulation of masonry walls: dampness risks and how to minimise them
260 ## - PUBLICATION, DISTRIBUTION, ETC.
Place of publication, distribution, etc. Garston, Herts
Name of publisher, distributor, etc. British Board of Agrement
Date of publication, distribution, etc. 1983
300 ## - PHYSICAL DESCRIPTION
Extent 21p. illus. 30cm
350 ## - PRICE (NR) (BK AM CF MU VM SE) [OBSOLETE]
Price 1.5
520 ## - SUMMARY, ETC.
Summary, etc. additional corporate authors National Federation of Building Trades Employers, National House-Building Council (England & Wales)
710 ## - ADDED ENTRY--CORPORATE NAME
Corporate name or jurisdiction name as entry element Building Research Establishment
942 ## - ADDED ENTRY ELEMENTS (KOHA)
Suppress in OPAC 0
948 ## - LOCAL PROCESSING INFORMATION (OCLC); SERIES PART DESIGNATOR (RLIN)
c (OCLC) 04/03/1997
Holdings
Withdrawn status Lost status Source of classification or shelving scheme Damaged status Not for loan Home library Current library Shelving location Date acquired Cost, normal purchase price Total Checkouts Full call number Barcode Date last seen Copy number Cost, replacement price Price effective from Koha item type
    Dewey Decimal Classification     London London Basement 14/09/1999 1.50   SHELF 202 30018656 06/08/2019 1 1.50 06/08/2019 Book